000 01031cab a2200253 4500
001 WB3103-31
008 090401t1995 xxu||||| |||| 00| 0 eng d
035 _a(Sirsi) u70805
041 _aeng
245 _aPlanning practice carved in stone
260 _c1995
350 _a0
490 _aPlanning Week
_v3(3) 19 January 1995, 3(1)
520 _aFollowing "McCarthy & Stone v Richmond BC", which cast doubt on the Planning Inspectorate`s right to charge councils for inquiries into local, unitary and structure plans, long-established practice is to be formalised in new legislation; the Town and Country Planning (Costs of Inquiries etc) Bill has passed its Second Reading in the House of Commons.
650 _aCHARGING
650 _aMCCARTHY AND STONE V RICHMOND BC
650 _aPLANNING INQUIRIES
650 _aPLANNING INSPECTORATE
650 _aPOWER TO CHARGE
650 _aTOWN AND COUNTRY PLANNING (COSTS OF INQUIRIES) BILL
690 _aPLANNING LAW AND PRACTICE
942 _n0
948 _c04/03/1997
999 _c44588
_d44588